Statistics for Random City To Country - Multiple Choice

Click here to take the quiz!

General Stats

  • This quiz has been taken 40 times
  • The average score is 14 of 20

Answer Stats

QuestionAnswer% Correct
SydneyAustralia
100%
Sao PauloBrazil
100%
BrnoCzech Republic
100%
SuezEgypt
100%
ParisFrance
100%
BordeauxFrance
100%
Tel AvivIsrael
100%
YokohamaJapan
100%
YonoJapan
100%
MonroviaLiberia
100%
MonterreyMexico
100%
CasablancaMorocco
100%
RotterdamNetherlands
100%
AucklandNew Zealand
100%
ColomboSri Lanka
100%
LondonUnited Kingdom
100%
GlasgowUnited Kingdom
100%
New York CityUnited States
100%
BusanSouth Korea
75%
CalgaryCanada
67%
AlmatyKazakhstan
67%
Benin CityNigeria
67%
HyderabadIndia
50%
Montego BayJamaica
50%
YekaterinburgRussia
50%
AleppoSyria
50%
TaichungTaiwan
50%
TangerangIndonesia
33%
KaunasLithuania
33%
HeratAfghanistan
0%
ChittagongBangladesh
0%
CotonouBenin
0%
Santa Cruz De La SierraBolivia
0%
BujumburaBurundi
0%
Siem ReapCambodia
0%
DoualaCameroon
0%
WhitehorseCanada
0%
QingdaoChina
0%
Bayan NurChina
0%
BarranquillaColombia
0%
DiliEast Timor
0%
GuayaquilEcuador
0%
ChennaiIndia
0%
TabrizIran
0%
BasraIraq
0%
CorkIreland
0%
AbidjanIvory Coast
0%
MombasaKenya
0%
BlantyreMalawi
0%
YangonMyanmar
0%
KathmanduNepal
0%
IbadanNigeria
0%
Pointe-NoireR. Congo
0%
UfaRussia
0%
SamaraRussia
0%
BelgradeSerbia
0%
DurbanSouth Africa
0%
Port ElizabethSouth Africa
0%
SevilleSpain
0%
OmdurmanSudan
0%
SfaxTunisia
0%
BatmanTurkey
0%
FunafutiTuvalu
0%
MaracaiboVenezuela
0%
Ho Chi Minh CityVietnam
0%

Score Distribution

Percentile by Number Answered

Percent of People with Each Score

Your Score History

You have not taken this quiz